| 000 | 00906nam a2200229 a 4500 | ||
|---|---|---|---|
| 001 | 84576 | ||
| 003 | BD-RjUL | ||
| 005 | 20250810144043.0 | ||
| 008 | 250105s1964 bg ||||| |||| 00| 0 ben d | ||
| 035 | _a(BD-RjUL)84576 | ||
| 040 |
_aBD-RjUL _beng _cBD-RjUL |
||
| 041 | _aben | ||
| 082 |
_223 _a039 _bSAN 1964 |
||
| 245 |
_aসংক্ষিপ্ত বিশ্বকোষ / _cআবুল কাসিম মুহাম্মাদ আদমুদ্দীন, সহকারী সম্পাদক |
||
| 260 |
_aঢাকা : _bবাঙলা একাডেমী, _c১৯৬৪ |
||
| 300 |
_aখণ্ড.; _c২৭ সেমি. |
||
| 505 | 0 | 1 | _aখণ্ড. ১ম,সং.১ম-৩য় -- |
| 650 | _aবিশ্বকোষ | ||
| 650 | _aEncyclopedia | ||
| 700 |
_aআদমুদ্দীন, আবুল কাসিম মুহাম্মাদ _914761 |
||
| 942 |
_2ddc _cREF |
||
| 999 |
_c84576 _d84576 |
||